000 00584nam a2200217 4500
003 OSt
005 20240628010837.0
006 a
008 240628b |||||||| |||| 00| 0 eng d
020 _a9788183565189
040 _aDWCL-Main lib.
_cOC
082 _aCirc. 595.7 P896u 2010
100 _aPrakash, M
245 _aUnderstanding entomology /
260 _aNew Delhi :
_bdiscovery Pub. House Pvt. Ltd. ,
_cc2010.
300 _b294 p. : ill. ;
_c23 cm.
504 _aIncludes index.
650 _a1. Insects.
650 _a2. Entomology.
942 _2ddc
_n0
_cBK-CIRC
_kCirc.
999 _c1539
_d1539